Aplikácia strategického riadenia v malých podnikoch a vplyv na zvyšovanie ich výkonnosti diplomová práca

Salvato in:
Dettagli Bibliografici
Autore principale: Pastor, Ľuboš
Ente Autore: Podnikovohospodárska fakulta EU so sídlom v Košiciach. Katedra manažmentu
Altri autori: Dubovická, Lenka
Natura: Libro
Lingua:slovacco
Pubblicazione: Košice 2010
Tags: Aggiungi Tag
Nessun Tag, puoi essere il primo ad aggiungerne!!

MARC

LEADER 00000nam$a2200000$$$4500
001 0122400
005 20240318121836.6
041 0 |a slo 
044 |a SK 
245 1 0 |a Aplikácia strategického riadenia v malých podnikoch a vplyv na zvyšovanie ich výkonnosti  |b diplomová práca  |c Ľuboš Pastor ; škol. Lenka Dubovická 
264 1 |a Košice  |c 2010 
300 |a 85 s. 
100 1 |a Pastor, Ľuboš 
700 1 |a Dubovická, Lenka 
710 2 |a Podnikovohospodárska fakulta EU so sídlom v Košiciach. Katedra manažmentu